<?xml version="1.0" encoding="UTF-8"?>
<record
    xmlns:xsi="http://www.w3.org/2001/XMLSchema-instance"
    xsi:schemaLocation="http://www.loc.gov/MARC21/slim http://www.loc.gov/standards/marcxml/schema/MARC21slim.xsd"
    xmlns="http://www.loc.gov/MARC21/slim">

  <leader>00927cam a22002291  4500</leader>
  <controlfield tag="001">sa 68019375 </controlfield>
  <controlfield tag="003">DLC</controlfield>
  <controlfield tag="005">20260227112717.0</controlfield>
  <controlfield tag="008">930712m19561965ii            000 0btam  </controlfield>
  <datafield tag="010" ind1=" " ind2=" ">
    <subfield code="a">sa 68019375 </subfield>
  </datafield>
  <datafield tag="035" ind1=" " ind2=" ">
    <subfield code="a">(OCoLC)34925570</subfield>
  </datafield>
  <datafield tag="040" ind1=" " ind2=" ">
    <subfield code="a">DLC</subfield>
    <subfield code="c">MnU</subfield>
    <subfield code="d">DLC</subfield>
  </datafield>
  <datafield tag="050" ind1="0" ind2="0">
    <subfield code="a">PL4758.9.T487</subfield>
    <subfield code="b">J3</subfield>
  </datafield>
  <datafield tag="100" ind1="1" ind2=" ">
    <subfield code="a">Jakann&#x101;tan&#x332;, Ki. V&#x101;.,</subfield>
    <subfield code="d">1906-</subfield>
  </datafield>
  <datafield tag="245" ind1="1" ind2="0">
    <subfield code="a">Tirumur&#x332;ai malarka&#x1E37;.</subfield>
  </datafield>
  <datafield tag="250" ind1=" " ind2=" ">
    <subfield code="a">[3. patippu].</subfield>
  </datafield>
  <datafield tag="260" ind1=" " ind2=" ">
    <subfield code="a">Cen&#x332;n&#x332;ai :</subfield>
    <subfield code="b">Amuta Nilaiyam,</subfield>
    <subfield code="c">[1956-1965; v. 1, 1965]</subfield>
  </datafield>
  <datafield tag="300" ind1=" " ind2=" ">
    <subfield code="a">12 v. in 1 ;</subfield>
    <subfield code="c">19 cm.</subfield>
  </datafield>
  <datafield tag="500" ind1=" " ind2=" ">
    <subfield code="a">In Tamil.</subfield>
  </datafield>
  <datafield tag="505" ind1="0" ind2=" ">
    <subfield code="a">Vol. 1. U&#x1E37;&#x1E37;am kavar ka&#x1E37;avan&#x332; -- v. 2. Pin&#x332;n&#x332;u ce&#xF1;catai -- v. 3. Cir&#x332;r&#x332;ampalam -- v. 4. Iravum pakalum -- v. 5. In&#x332;pap pir&#x332;avi -- v. 6 P&#x113;c&#x101;ta n&#x101;&#x1E37; - v. 7 Aru&#x1E37;&#x101;&#x1E37;an&#x332; -- v. 8. An&#x332;pin&#x332; uruvam -- v. 9. O&#x1E37;iva&#x1E37;ar vi&#x1E37;akku -- v. 10. &#xD1;&#x101;n&#x332;ak kol&#x332;untu -- v. 11. On&#x332;r&#x332;ai on&#x332;r&#x332;u -- v. 12. Cilampa&#x1E6D;i.</subfield>
  </datafield>
  <datafield tag="630" ind1="0" ind2="0">
    <subfield code="a">Tirumur&#x332;ai.</subfield>
  </datafield>
  <datafield tag="999" ind1=" " ind2=" ">
    <subfield code="c">88872</subfield>
    <subfield code="d">88872</subfield>
  </datafield>
</record>
